|
|
|
|
| LEADER |
00000cam a22000004a 4500 |
| 001 |
musev2_11345 |
| 003 |
MdBmJHUP |
| 005 |
20230905041257.0 |
| 006 |
m o d |
| 007 |
cr||||||||nn|n |
| 008 |
110413s2011 gau o 00 0 eng d |
| 010 |
|
|
|z 2011010450
|
| 020 |
|
|
|a 9780820341293
|
| 020 |
|
|
|z 0820334669
|
| 020 |
|
|
|z 9780820334660
|
| 020 |
|
|
|z 0820341290
|
| 035 |
|
|
|a (OCoLC)754401703
|
| 040 |
|
|
|a MdBmJHUP
|c MdBmJHUP
|
| 043 |
|
|
|a n-us-fl
|a n-us-ga
|
| 050 |
0 |
4 |
|a SD397.P59
|b W39 2011
|
| 082 |
0 |
|
|a 634.9/2
|2 22
|
| 100 |
1 |
|
|a Way, Albert G.
|
| 245 |
1 |
0 |
|a Conserving Southern Longleaf :
|b Herbert Stoddard and the Rise of Ecological Land Management /
|c Albert G. Way.
|
| 264 |
|
1 |
|a Athens :
|b University of Georgia Press,
|c 2011.
|
| 264 |
|
3 |
|a Baltimore, Md. :
|b Project MUSE,
|c 2012
|
| 264 |
|
4 |
|c ©2011.
|
| 300 |
|
|
|a 1 online resource (320 pages):
|b ill., maps ;
|
| 336 |
|
|
|a text
|b txt
|2 rdacontent
|
| 337 |
|
|
|a computer
|b c
|2 rdamedia
|
| 338 |
|
|
|a online resource
|b cr
|2 rdacarrier
|
| 490 |
0 |
|
|a Environmental history and the American South
|
| 504 |
|
|
|a Includes bibliographical references and index.
|
| 588 |
|
|
|a Description based on print version record.
|
| 650 |
|
0 |
|a Forest management
|z Red Hills (Fla. and Ga.)
|
| 650 |
|
0 |
|a Longleaf pine
|x Conservation
|z Red Hills (Fla. and Ga.)
|
| 600 |
1 |
0 |
|a Stoddard, Herbert L.
|
| 655 |
|
7 |
|a Electronic books.
|2 local
|
| 710 |
2 |
|
|a Project Muse.
|e distributor
|
| 830 |
|
0 |
|a Environmental history and the American South.
|
| 830 |
|
0 |
|a Book collections on Project MUSE.
|
| 856 |
4 |
0 |
|z Texto completo
|u https://projectmuse.uam.elogim.com/book/11345/
|
| 945 |
|
|
|a Project MUSE - Custom Collection
|
| 945 |
|
|
|a Project MUSE - 2011 US Regional Studies, South
|
| 945 |
|
|
|a Project MUSE - 2011 Complete
|